00980cam a2200265 450000100060000000300080000600500170001400800390003103500190007004000320008904100110012108200160013210000330014824500990018126000570028030000250033750000510036250400500041365000430046365000230050665000200052994200120054999900170056195201360057818359BD-RjUL20211209000256.0140220s1968 nju b 001 0 eng a(BD-RjUL)18417 aDLCcDLCdDLCdBD-RjULbeng1 aengger00a809.33bMEP1 aMeyer, Herman,d1911-95653814aThe poetics of quotation in the European novel /cTranslated by Theodore and Yetta Ziolkowski. aPrinceton, N.J.,bPrinceton University Press,c1968. aix, 278 p. ;c23 cm. aTranslation of Das Zitat in der Erzählkunst. aIncludes Bibliographical footnotes and index. 0aFictionxHistory and criticism.956539 0aQuotations.919169 0aPoetics.956540 2ddccBK c18359d18359 00102ddc40718FICaRUCLbRUCLcReadingd1982-08-03eHeffersg14.20l0o809.33 MEP 1968r2014-02-20 00:00:00tC-1w2014-02-20yBK